Le comunità paoline nell'attività apostolica di Paolo (Record n. 98531)

Dettagli MARC
000 -LEADER
fixed length control field 00833nam a22001817a 4500
003 - CONTROL NUMBER IDENTIFIER
control field IT-RoPau
005 - DATE AND TIME OF LATEST TRANSACTION
control field 20220918181105.0
008 - FIXED-LENGTH DATA ELEMENTS--GENERAL INFORMATION
fixed length control field 130515b xxu||||| |||| 00| 0 eng d
040 ## - CATALOGING SOURCE
Transcribing agency IT-RoPau
100 ## - MAIN ENTRY--PERSONAL NAME
Personal name Centro di Promozione e Formazione
9 (RLIN) 546
245 ## - TITLE STATEMENT
Title Le comunità paoline nell'attività apostolica di Paolo
250 ## - EDITION STATEMENT
Edition statement 1° ed
260 ## - PUBLICATION, DISTRIBUTION, ETC. (IMPRINT)
Place of publication, distribution, etc. Roma
Name of publisher, distributor, etc. SSP
Date of publication, distribution, etc. 1984
300 ## - PHYSICAL DESCRIPTION
Extent 23 pp.
Dimensions 30 cm
490 ## - SERIES STATEMENT
Series statement Il Religioso paolino nella sua comunità
Volume/sequential designation 11° Vol.
520 ## - SUMMARY, ETC.
Summary, etc. Indice<br/><br/>Presentazione<br/>Introduzione<br/>Le comunità Allevate da Paolo<br/>a. La Comunità di Tessalonica<br/>b. La Comunità di Corinto<br/>c. Le Comunità della Galazia<br/>d. La Comunità Romana<br/>e. La Comunità di Filippi<br/>La Tecnica Fondazionale Paolina<br/>Bilancio dell'Esperienza Comunitaria Paolina<br/>Ricerca Comunitaria<br/>Note<br/>Sussidi bibliografici
942 ## - ADDED ENTRY ELEMENTS (KOHA)
Source of classification or shelving scheme Dewey Decimal Classification
Koha item type LIBRO
Dati di copia
Withdrawn status Lost status Source of classification or shelving scheme Damaged status Not for loan Home library Current library Date acquired Total Checkouts Full call number Barcode Date last seen Price effective from Koha item type
    Dewey Decimal Classification Buone Condizioni Not For Loan PAULUS-BIBLIOTECA PAULUS-BIBLIOTECA 15/05/2013   P D2 SpFP 6 15/05/2013 15/05/2013 LIBRO
    Dewey Decimal Classification Buone Condizioni Not For Loan PAULUS-BIBLIOTECA PAULUS-BIBLIOTECA 15/05/2013   P D2   15/05/2013 15/05/2013 LIBRO
    Dewey Decimal Classification Buone Condizioni Not For Loan PAULUS-BIBLIOTECA PAULUS-BIBLIOTECA 15/05/2013   P D2   15/05/2013 15/05/2013 LIBRO
    Dewey Decimal Classification Buone Condizioni Not For Loan PAULUS-BIBLIOTECA PAULUS-BIBLIOTECA 15/05/2013   P D2   15/05/2013 15/05/2013 LIBRO
CREDITS: SOCIETA' SAN PAOLO Via A.Severo, 58 - ROMA (RM) & PERIODICI SAN PAOLO SRL Via Giotto, 36 MILANO & CISF Via Giotto, 36 MILANO & EDIZIONI SAN PAOLO SRL,  Piazza Soncino, 5 CINISELLO BALSAMO (MI) -- ITALY